Munkaerő-fejlesztés és képzési rendszerek egy multinacionális vállalatnál

Bibliographic Details
Main Author: Schäffer Rebeka
Other Authors: Faragóné Lepp Katalin
Format: Project work
Kulcsszavak:Emberi erőforrások
Képzés- fejlesztés
munkaerő-fejlesztés
Online Access:http://dolgozattar.uni-bge.hu/16952

MARC

LEADER 00000nnm a2200000 i 4500
001 dolg16952
005 20180516131048.0
008 180516suuuu hu o 000 hun d
040 |a BGE Dolgozattár Repozitórium  |b hun 
041 |a hu 
100 1 |a Schäffer Rebeka 
245 1 0 |a Munkaerő-fejlesztés és képzési rendszerek egy multinacionális vállalatnál  |c Schäffer Rebeka  |h [elektronikus dokumentum] 
516 |a Project_work 
695 |a Emberi erőforrások 
695 |a Képzés- fejlesztés 
695 |a munkaerő-fejlesztés 
700 1 |a Faragóné Lepp Katalin  |e ths 
856 4 0 |u http://dolgozattar.uni-bge.hu/16952/2/Titkos%C3%ADt%C3%A1s.pdf  |z Dokumentum-elérés 
856 4 0 |u http://dolgozattar.uni-bge.hu/16952/3/SKMBT_C36018051612390.pdf  |z Dokumentum-elérés